| 000 | 00504nam a2200193 4500 | ||
|---|---|---|---|
| 001 | 2368 | ||
| 005 | 20181127165024.0 | ||
| 010 | 0 | 0 | _a |
| 020 | 0 | 0 | _a0844254819 |
| 090 | 0 | 0 | _a808.8 R8134w-ins 1992 |
| 100 | 0 | 0 | _aRosenberg, Donna. |
| 245 | 0 | 0 |
_aInstructor's manual for "World literature" / _b _cDonna Rosenberg. _h |
| 250 | 0 | 0 | _a |
| 260 | 0 | 0 |
_aLincolnwood, IL : _bNational Textbook Company, _c1992. |
| 300 | 0 | 0 | _axxxv, 291 p. |
| 500 | 0 | 0 | _a |
| 650 | 0 | 0 |
_a _x |
| 650 | 0 | 0 |
_aLiterature--Study and teaching. _x |
| 999 |
_c1894 _d1894 |
||